|
|
|
|
| LEADER |
00000nam0a2200000 4500 |
| 001 |
122437 |
| 005 |
20231031130008.0 |
| 010 |
|
|
|a 9785769540059
|
| 035 |
|
|
|a (RuTPU)RU\TPU\book\132566
|
| 035 |
|
|
|a RU\TPU\book\71741
|
| 035 |
|
|
|a RU\TPU\book\132566
|
| 090 |
|
|
|a 122437
|
| 100 |
|
|
|a 20040915d2007 m y0rusy50 ca
|
| 101 |
0 |
|
|a rus
|
| 102 |
|
|
|a RU
|
| 105 |
|
|
|a a j 001zy
|
| 200 |
1 |
|
|a Электрические машины
|e учебник для среднего профессионального образования
|f М. М. Кацман
|
| 205 |
|
|
|a 7-е изд., стер.
|
| 210 |
|
|
|a Москва
|c Академия
|d 2007
|
| 215 |
|
|
|a 492 с.
|c ил.
|
| 225 |
1 |
|
|a Среднее профессиональное образование. Электротехника
|
| 320 |
|
|
|a Библиогр.: с. 482.
|
| 320 |
|
|
|a Предметный указатель: с. 483-486.
|
| 330 |
|
|
|a В учебнике рассматриваются теория, принцип действия, устройство и анализ режимов работы электрических машин и трансформаторов как общего, так и специального назначения, получивших распространение в различных отраслях техники. Шестое издание (5-е — 2003 г.) дополнено материалами о вентильных двигателях большой мощности. Для студентов образовательных учреждений среднего профессионального образования. Может быть полезен студентам вузов.
|
| 451 |
|
1 |
|0 (RuTPU)RU\TPU\book\71741
|y 5-06-003661-8
|t Электрические машины
|o учебник
|f М. М. Кацман
|e 4-е изд., перераб. и доп.
|c М.
|n Высшая школа
|d 2003
|p 469 с.
|a Кацман, Марк Михайлович
|
| 610 |
1 |
|
|a электрические машины
|
| 610 |
1 |
|
|a трансформаторы
|
| 610 |
1 |
|
|a бесколлекторные машины
|
| 610 |
1 |
|
|a асинхронные машины
|
| 610 |
1 |
|
|a синхронные машины
|
| 610 |
1 |
|
|a коллекторные машины
|
| 610 |
1 |
|
|a устройство
|
| 610 |
1 |
|
|a теория
|
| 610 |
1 |
|
|a учебники
|
| 675 |
|
|
|a 621.313(075.32)
|v 3
|
| 700 |
|
1 |
|a Кацман
|b М. М.
|g Марк Михайлович
|
| 801 |
|
1 |
|a RU
|b 63413507
|c 20071004
|g PSBO
|
| 801 |
|
2 |
|a RU
|b 63413507
|c 20230404
|g PSBO
|
| 900 |
|
|
|a Электрические машины
|
| 900 |
|
|
|a Электрические машины и аппараты
|
| 942 |
|
|
|c BK
|
| 952 |
|
|
|b 140600
|
| 959 |
|
|
|a 67/20070927
|d 50
|e 0
|f ЧЗТЛ:2
|f УФ:48
|